00727nam a2200217 a 450000100060000000300090000600800410001502000150005604000280007108200170009910000270011624500350014326000430017830000110022159000430023265000210027565000320029694200120032899900170034095201520035719113CO-ViMGA141112s2004 ck r 000 u spa d a9582811889 aCO-ViMGAbspacCO-ViMGA04aCo867.6 L6911 aLozano, Jocundo92741110aLos mejores chistes de sotanas aBogotá : bIntermedio Editores; 2000 a222 p. aForma de adquisición : Proyecto 200514aHUMOR COLOMBIANO14aPARROCOS - ANECDOTAS927412 2ddccBK c28285d28285 00102ddc40708003aMEVIECARbMEVIECARd2015-12-04hVolumen. 1 | 11/jun/2009l0oCo867.6 L691 p19113r2015-12-04 00:00:00tEj. 1w2015-12-04yBK